| 000 | 01708nam a2200361Ia 4500 | ||
|---|---|---|---|
| 001 | 79662 | ||
| 003 | IT-RoPAU | ||
| 008 | 130308s9999 xx 000 0 und d | ||
| 040 | _aIT-RoPAU | ||
| 040 | _cIT-RoPAU | ||
| 041 | _aFRANCESE | ||
| 100 | _aSloboda John A. | ||
| 100 | _gCodice Aut. SPICS: 27995 | ||
| 240 | _aMUSICAL MIND (THE)-THE COGNITIVE PSYCHOLOGY OF MUSIC | ||
| 240 | _gCodice Tit. Orig. Spics: 79344 | ||
| 242 | _aMENTE MUSICALE (LA)-PSICOLOGIA cognitivista DELLA MUSICA | ||
| 242 | _nCod. Traduzione Titolo: 92330 | ||
| 242 | _yITA | ||
| 245 | _aEsprit musicien (L')-La psychologie cognitive de la musique | ||
| 245 | _bEsprit Musicien (L')-La Psychologie Cognitive de la Musique | ||
| 250 | _a1a ed. | ||
| 260 | _aBRUXELLES | ||
| 260 | _bMardaga Pierre | ||
| 260 | _c1988 [1° Ed.:1988 - Ed.Ling.Originale:1985] | ||
| 300 | _a"396 p. (prefazione: no ; testo: 396 [pagine: 0-0])" | ||
| 500 | _aSpirito Musicale Psicologia Cognitiva della Musica Musica e Competenza Cognitiva Musica Linguaggio e Senso Chomsky e Schenker Paragoni tra Linguaggio e Musica Fonologia Musicale Sintassi Musicale Semantica Musicale Esecuzione Musicale Composizione e Improvvisazione scritti di Compositori Sui Processi Compositivi Ascolto Musicale Attenzione e Memoria nell'Ascolto Apprendimento e Sviluppo Musicale inculturazione Musicale Formazione e Acquisizione di una Competenza Valutazione dell'attitudine Musicale Culturale e Biologico Contesto Dello Spirito Musicale pensiero Culturale e Musicale Biologia e pensiero Musicale Bibliografia | ||
| 650 | _aSAGGI MUSICALI | ||
| 650 | _eCodice materia Spics: 7011 | ||
| 942 | _cBK | ||
| 957 | _71 | ||
| 999 |
_c74398 _d74398 |
||
| 999 | _bSI | ||
| 999 | _g1 | ||